Catálogo
 En Linea

Archipiélago malayo : (Registro nro. 24553)

Detalles MARC
000 -CABECERA
campo de control de longitud fija 01134nam a2200241 a 4500
001 - NÚMERO DE CONTROL
campo de control 000025060
005 - FECHA Y HORA DE LA ÚLTIMA TRANSACCIÓN
campo de control 20200930023534.0
008 - DATOS DE LONGITUD FIJA--INFORMACIÓN GENERAL
campo de control de longitud fija 110209s1997 mx ab r 000 0 spa d
020 ## - NÚMERO INTERNACIONAL ESTÁNDAR DEL LIBRO
Número Internacional Estándar del Libro 9682999154
040 ## - FUENTE DE LA CATALOGACIÓN
Centro catalogador/agencia de origen DO-SdBNP
Lengua de catalogación spa
Centro/agencia transcriptor BNPHU
082 ## - NÚMERO DE LA CLASIFICACIÓN DECIMAL DEWEY
Número de clasificación xxxxx
Número de documento/Ítem R959a
049 ## - FONDOS LOCALES (OCLC)
Fondos de biblioteca BNGR
100 1# - ENTRADA PRINCIPAL--NOMBRE DE PERSONA
Nombre de persona Russel Wallace, Alfred
9 (RLIN) 51420
245 10 - MENCIÓN DE TÍTULO
Título Archipiélago malayo :
Resto del título tierra del orangután y del ave del paraíso, una narración de viajes con estudios del hombre y de la naturaleza /
Mención de responsabilidad, etc. Alfred Russel Wallace ; traducción Isabel Vericat ; prólogo Hugo Diego Blanco.
260 ## - PUBLICACIÓN, DISTRIBUCIÓN, ETC.
Lugar de publicación, distribución, etc. México, D. F. :
Nombre del editor, distribuidor, etc. Consejo Nacional para la Cultura y las Artes,
Fecha de publicación, distribución, etc. 1997.
300 ## - DESCRIPCIÓN FÍSICA
Extensión 655 p. :
Otras características físicas il., mapas. ;
Dimensiones 21 cm.
490 1# - MENCIÓN DE SERIE
Mención de serie Cien obras imprescindibles para el conocimiento de la cultura universal
500 ## - NOTA GENERAL
Nota general Incluye referencia biográfica del autor en la contracubierta.
504 ## - NOTA DE BIBLIOGRAFÍA, ETC.
Nota de bibliografía, etc. Incluye referencias bibliográficas y notas al pie de las páginas.
700 1# - PUNTO DE ACCESO ADICIONAL--NOMBRE DE PERSONA
Nombre de persona Vericat, Isabel,
Término indicativo de función/relación tr.
9 (RLIN) 44426
700 1# - PUNTO DE ACCESO ADICIONAL--NOMBRE DE PERSONA
Nombre de persona Diego Blanco, Hugo,
Término indicativo de función/relación pról.
9 (RLIN) 51421
830 #0 - PUNTO DE ACCESO ADICIONAL DE SERIE-TÍTULO UNIFORME
Título uniforme Cien obras imprescindibles para el conocimiento de la cultura universal
9 (RLIN) 51422
Existencias
Estado de retiro Estado de pérdida Restricciones de uso No para préstamo Código de colección Localización permanente Ubicación/localización actual Ubicación en estantería Fecha de adquisición Número de inventario Total de préstamos Signatura topográfica completa Código de barras Fecha visto por última vez Precio válido a partir de Tipo de ítem Koha
        Monografías: Libros y Folletos General General En catalogación 09.02.2011 LF1   xxxxx R959a 25060-10 25.06.2020 25.06.2020 Préstamo en sala

Con tecnología Koha